000 00980cab a2200205 4500
001 ABS44592
008 090401t1991 xxu||||| |||| 00| 0 eng d
035 _a(Sirsi) u47920
041 _aeng
100 _aSevern, K.
245 _aConstruction Disputes Resolution Group
260 _c1991
350 _a0
490 _aStructural Engineer
_v69(11) 4 June 1991, 222(1)
520 _aAnalyses the work of the Construction Disputes Resolution Group currently based in Canada but shortly to have a UK Chapter based at the Association of Consulting Engineers , which promotes a viable method of early dispute resolution , offers a short notice, low cost consultation service and maintains a register of experts on the construction industry available to resolve disagreements.
650 _aALTERNATIVE DISPUTE RESOLUTION
690 _aMANAGEMENT-DISPUTE AVOIDANCE, MANAGEMENT AND RESOLUTION-DISPUTE MANAGEMENT AND RESOLUTION-ARBITRATION
942 _n0
948 _c04/03/1997
999 _c30139
_d30139